| 000 | 01032nas a2200289 4500 | ||
|---|---|---|---|
| 001 | BR2011002327 | ||
| 003 | BR-BrBNA | ||
| 005 | 20231205115250.0 | ||
| 007 | ta | ||
| 008 | 230509b bl.|||p| |||| 00| 00por d | ||
| 040 |
_aBR-BrBNA _bpor _cBiblioteca Nacional de Agricultura |
||
| 041 | _a(Pt) | ||
| 072 | _aF04; P34 | ||
| 100 | 1 | _aFreitas, M.S.M. | |
| 100 | 1 | _aMartins, M.A. | |
| 100 | 1 | _aCarvalho, A.J.C. | |
| 245 | 1 | _aProdução de biomassa e teores de macronutrientes da tanchagem (Plantago major L.)em resposta a adubação fosfatada e micorrizas arbusculares | |
| 650 | _aPLANTAGO | ||
| 650 | _aNUTRIÇÃO VEGETAL | ||
| 650 | _aADUBAÇÃO | ||
| 650 | _aFÓSFORO | ||
| 650 | _aMICORRIZA | ||
| 773 | 0 |
_tRevista Brasileira de Plantas Medicinais (Brazil) _xISSN 1516-0572 _g(Aug 2008), v. 10(3) p. 31-37 _wBR2011002327 |
|
| 856 | 4 |
_uhttp://www.ibb.unesp.br/servicos/publicacoes/rbpm/pdf_v10_n3_2008/artigo6_v10n3.pdf _yRecurso eletrônico (PDF) |
|
| 909 |
_a202311 _bLúcia _c55 _dLúcia Elande |
||
| 942 |
_2AGRIS _n0 _cANA |
||
| 999 |
_c212904 _d212904 |
||